000 00719nam a2200229 a 4500
001 13298
003 BD-JhCC
005 20230810084510.0
008 230810b20202022bg |||| ||a| 000 0 ben d
020 _a9789849368267
035 _a(BD-JhCC)13298
040 _aBD-JhCC
_dBD-JhCC
041 _abengali
082 _a794.8
_bMOJ 2022
245 _aমজার ধাঁধাঁ ও বুদ্ধির খেলা /
_cসম্পা: মেহরাব মাশুক ।
260 _aঢাকা:
_bআল-গাজী পাবলিকেশন্স;
_c2022.
300 _a159 p. :
_c22 cm.
650 _a Puzzle.
700 _aমাশুক, মেহরাব
942 _2ddc
_cBK
999 _c13298
_d13298